00242nam a2200097Ia 4500008004100000100002800041245002200069260002900091942000700120999001700127190216s9999||||xx |||||||||||||| ||und|| aBhagavathy Charan Varma 0aHindi-Akhiri Dare bMac Millian And Com. Ltd cBK c17055d17055